Normal view
MARC view
Entry Personal Name
001 - CONTROL NUMBER
- control field: 729115
003 - CONTROL NUMBER IDENTIFIER
- control field: OSt
005 - DATE AND TIME OF LATEST TRANSACTION
- control field: 20241129120107.0
008 - FIXED-LENGTH DATA ELEMENTS
- fixed length control field: 241129|| aca||aabn | a|a d
040 ## - CATALOGING SOURCE
- Original cataloging agency: OSt
- Transcribing agency: OSt
100 ## - HEADING--PERSONAL NAME
- Personal name: Molyboga Marat; Swedroe Larry E
670 ## - SOURCE DATA FOUND
- Source citation: Work cat.: (OSt)1233315: Molyboga Marat; Swedroe Larry E., Your essential guide to quantitative hedge fund investing, 2023
